| Tag |
First Indicator |
Second Indicator |
Subfields |
| LEADER |
00000cam a2200000 i 4500 |
| 001 |
in00003604449 |
| 005 |
20211129135143.0 |
| 006 |
m o d f |
| 007 |
cr c|||||||||| |
| 008 |
151231s2015 orub o f000 0 eng c |
| 035 |
|
|
|a (OCoLC)ocn933580730
|
| 043 |
|
|
|a n-us-ca
|a n-us-or
|
| 040 |
|
|
|a GPO
|b eng
|e rda
|e pn
|c GPO
|d OCLCF
|d GPO
|d MvI
|
| 049 |
|
|
|a WWW
|
| 070 |
0 |
|
|a aSD428.R6
|b A15 2015
|
| 074 |
|
|
|a 0080-F (online)
|
| 086 |
0 |
|
|a A 13.92:R 63/5/REC.
|
| 110 |
2 |
|
|a Rogue River-Siskiyou National Forest (Agency : U.S.),
|e author.
|
| 245 |
1 |
0 |
|a 2015 draft record of decision pursuant to 36 CFR 218 objection process :
|b motorized vehicle use on the Rogue River-Siskiyou National Forest : final supplemental environmental impact statement : Pacific Northwest Region, Rogue River-Siskiyou National Forest.
|
| 246 |
1 |
4 |
|a Draft record of decision pursuant to 36 CFR 218 objection process :
|b final supplemental environmental impact statement : motorized vehicle use on the Rogue River-Siskiyou National Forest.
|
| 246 |
1 |
7 |
|a Motorized vehicle use on the RRSNF
|
| 246 |
3 |
0 |
|a Motorized vehicle use on the Rogue River-Siskiyou National Forest
|
| 264 |
|
1 |
|a Grants Pass, Oregon? :
|b United States Department of Agriculture, Forest Service, Rogue River-Siskiyou National Forest,
|c [2015]
|
| 300 |
|
|
|a 1 online resource (57 unnumbered pages) :
|b color maps +
|e 1 color map
|
| 336 |
|
|
|a text
|b txt
|2 rdacontent
|
| 337 |
|
|
|a computer
|b c
|2 rdamedia
|
| 338 |
|
|
|a online resource
|b cr
|2 rdacarrier
|
| 500 |
|
|
|a Title from title screen (viewed on Dec. 31, 2015).
|
| 500 |
|
|
|a "September 2015."
|
| 500 |
|
|
|a "Douglas, Klamath, Jackson, Curry, Coos and Josephine counties in Oregon, Del Norte and Siskiyou counties in California."
|
| 650 |
|
0 |
|a Forest management
|z Rogue River-Siskiyou National Forest (Or. and Calif.)
|
| 650 |
|
0 |
|a Motor vehicles
|x Environmental aspects
|z Rogue River-Siskiyou National Forest (Or. and Calif.)
|
| 650 |
|
0 |
|a Forest roads
|x Environmental aspects
|z Rogue River-Siskiyou National Forest (Or. and Calif.)
|
| 650 |
|
0 |
|a Trails
|x Environmental aspects
|z Rogue River-Siskiyou National Forest (Or. and Calif.)
|
| 651 |
|
0 |
|a Rogue River-Siskiyou National Forest (Or. and Calif.)
|
| 650 |
|
7 |
|a Forest management.
|2 fast
|0 (OCoLC)fst00932231
|
| 650 |
|
7 |
|a Forest roads
|x Environmental aspects.
|2 fast
|0 (OCoLC)fst00932512
|
| 650 |
|
7 |
|a Motor vehicles
|x Environmental aspects.
|2 fast
|0 (OCoLC)fst01027786
|
| 650 |
|
7 |
|a Trails
|x Environmental aspects.
|2 fast
|0 (OCoLC)fst01154424
|
| 651 |
|
7 |
|a United States
|z Rogue River-Siskiyou National Forest.
|2 fast
|0 (OCoLC)fst01312027
|
| 776 |
0 |
8 |
|i Print version:
|a Rogue River-Siskiyou National Forest (Agency: U.S.)
|t 2015 draft record of decision pursuant to 36 CFR 218 objection process : motorized vehicle use on the Rogue River-Siskiyou National Forest.
|w (OCoLC)922974210
|
| 856 |
4 |
0 |
|u https://permanent.fdlp.gov/gpo64226
|t 0
|
| 999 |
f |
f |
|s 0e82723c-4553-3913-87b2-27954e6a19b4
|i a89b6f6b-1d34-3a85-9e3a-d7c9c5aac02d
|t 0
|
| 952 |
f |
f |
|a Texas A&M University
|b College Station
|c Electronic Resources
|d Available Online
|t 0
|e A 13.92:R 63/5/REC.
|h Superintendent of Documents classification
|
| 998 |
f |
f |
|a A 13.92:R 63/5/REC.
|t 0
|l Available Online
|